| Tag |
First Indicator |
Second Indicator |
Subfields |
| LEADER |
00000cam a2200000 a 4500 |
| 001 |
in00000098671 |
| 005 |
20150924085935.0 |
| 008 |
811230s1981 txua 00010 eng |
| 010 |
|
|
|a 81186996
|z 75-13414
|
| 020 |
|
|
|a 0872016358 (pbk.)
|
| 035 |
|
|
|a (OCoLC)07444707
|
| 035 |
|
|
|9 AAK9779AM
|
| 039 |
0 |
|
|a 2
|b 3
|c 3
|d 3
|e 3
|
| 040 |
|
|
|a DLC
|c DLC
|d TXA
|d UtOrBLW
|
| 049 |
|
|
|a TXAM
|c [952428]
|
| 050 |
0 |
0 |
|a TN870
|b W57 1981
|
| 082 |
0 |
|
|a 622/.3382
|2 19
|
| 100 |
1 |
|
|a Wheeler, Robert R.
|
| 245 |
1 |
0 |
|a Oil, from prospect to pipeline /
|c Robert R. Wheeler, Maurine Whited.
|
| 250 |
|
|
|a 4th ed.
|
| 264 |
|
1 |
|a Houston :
|b Gulf Pub. Co., Book Division,
|c 1981.
|
| 300 |
|
|
|a xi, 146 pages :
|b illustrations ;
|c 21 cm.
|
| 336 |
|
|
|a text
|b txt
|2 rdacontent
|
| 337 |
|
|
|a unmediated
|b n
|2 rdamedia
|
| 338 |
|
|
|a volume
|b nc
|2 rdacarrier
|
| 650 |
|
0 |
|a Petroleum.
|
| 700 |
1 |
|
|a Whited, Maurine.
|
| 999 |
|
|
|a MARS
|
| 999 |
f |
f |
|s e9d54578-aff2-3cd3-8db6-304ffef40c29
|i e5d040a8-fb9f-38bb-9c85-d68f1b6a9f49
|t 0
|
| 952 |
f |
f |
|p normal
|a Texas A&M University
|b College Station
|c Sterling C. Evans Library
|d Evans: Library Stacks
|t 0
|e TN870 W57 1981
|h Library of Congress classification
|i unmediated -- volume
|m A14806030652
|
| 998 |
f |
f |
|a TN870 W57 1981
|t 0
|l Evans: Library Stacks
|